[Event "2. Bundesliga Mitte 2013/2014"]
[Site "Grieskirchen"]
[Date "2013.11.16"]
[Round "4"]
[Board "1"]
[White "Hartl, Daniel"]
[Black "Kilgus, Georg"]
[Result "0-1"]
[WhiteElo "2286"]
[BlackElo "2430"]
[PlyCount "80"]
[EventDate "2013.10.04"]
[EventType "team"]
[EventRounds "11"]
[EventCountry "AUT"]
[WhiteTeam "SC MPOE Maria Saal II"]
[BlackTeam "Spg. Grieskirchen/Sedda B.Schallerbach"]

1. d4 d5 2. c4 c6 3. Nf3 Nf6 4. e3 Bg4 5. Qb3 Qb6 6. Qxb6 axb6 7. Ne5 Bf5 8.
Nc3 e6 9. Be2 dxc4 10. Bxc4 b5 11. Bb3 Bd6 12. f4 Bxe5 13. fxe5 Ne4 14. Bd2 Nd7
15. Nxe4 Bxe4 16. O-O Bd5 17. Bc2 O-O 18. a3 c5 19. Rac1 cxd4 20. exd4 Rfc8 21.
Bc3 Nb6 22. Rf4 Nc4 23. Bd3 Nxa3 24. Ra1 Nc4 25. Rxa8 Rxa8 26. Bxc4 bxc4 27. h4
b5 28. Rf2 Ra4 29. Kh2 f5 30. exf6 gxf6 31. Rxf6 Kg7 32. Rf2 h5 33. Bd2 Kg6 34.
Bg5 Ra2 35. Kg3 b4 36. Bc1 b3 37. Kf4 c3 38. Ke5 Ra1 39. Bg5 c2 40. Rf6+ Kg7
 0-1

[Event "2. Bundesliga Mitte 2013/2014"]
[Site "Grieskirchen"]
[Date "2013.11.16"]
[Round "4"]
[Board "3"]
[White "Rieger, Robert"]
[Black "Singer, Christoph"]
[Result "0-1"]
[WhiteElo "2163"]
[BlackElo "2341"]
[PlyCount "82"]
[EventDate "2013.10.04"]
[EventType "team"]
[EventRounds "11"]
[EventCountry "AUT"]
[WhiteTeam "SC MPOE Maria Saal II"]
[BlackTeam "Spg. Grieskirchen/Sedda B.Schallerbach"]

1. e4 e5 2. Nf3 Nc6 3. d4 exd4 4. Nxd4 Bb4+ 5. c3 Bc5 6. Nxc6 bxc6 7. Bd3 Qh4
8. Qe2 Nf6 9. h3 O-O 10. g3 Qh5 11. g4 Qe5 12. g5 Ne8 13. f4 Qe7 14. Nd2 d5 15.
e5 f5 16. Nf3 Be6 17. Bd2 Bb6 18. Ba6 c5 19. a4 c4 20. Bb7 Rb8 21. Bc6 Bc5 22.
Be3 Rxb2 23. Qxb2 Bxe3 24. Qh2 Qc5 25. Ke2 d4 26. cxd4 Qxc6 27. Kxe3 Bd5 28.
Qf2 Nd6 29. Rhc1 Ne4 30. Qe1 h6 31. h4 Nxg5 32. Nxg5 hxg5 33. hxg5 Bg2 34. Qg3
Rb8 35. Kf2 Rb2+ 36. Kg1 Bh1 37. Kf1 Qe4 38. Rc3 Qxd4 39. Qe3 Qd5 40. Rac1 Be4
41. Kg1 Bd3 0-1

[Event "2. Bundesliga Mitte 2013/2014"]
[Site "Grieskirchen"]
[Date "2013.11.16"]
[Round "4"]
[Board "5"]
[White "Ertl, Johann"]
[Black "Humer, Wolfgang"]
[Result "1-0"]
[WhiteElo "2260"]
[BlackElo "2267"]
[PlyCount "59"]
[EventDate "2013.10.04"]
[EventType "team"]
[EventRounds "11"]
[EventCountry "AUT"]
[WhiteTeam "SC MPOE Maria Saal II"]
[BlackTeam "Spg. Grieskirchen/Sedda B.Schallerbach"]

1. e4 c5 2. Nf3 Nc6 3. d4 cxd4 4. Nxd4 g6 5. Nc3 Bg7 6. Be3 Nf6 7. Bc4 Qa5 8.
O-O O-O 9. Bb3 d6 10. h3 Bd7 11. Re1 Rfd8 12. Nf3 Qh5 13. Qe2 h6 14. Rad1 Be6
15. Bxe6 fxe6 16. Qc4 Kf7 17. Ne2 d5 18. exd5 Nxd5 19. Bd4 Nxd4 20. Nexd4 Bxd4
21. Rxd4 Rac8 22. Qb3 Qf5 23. Rde4 Rd6 24. Nd4 Qf6 25. Nxe6 g5 26. Re5 Rcc6 27.
Rxd5 Rxe6 28. Rde5 Rb6 29. Rxe6 Rxe6 30. Qd5 1-0

[Event "2. Bundesliga Mitte 2013/2014"]
[Site "Grieskirchen"]
[Date "2013.11.16"]
[Round "4"]
[Board "1"]
[White "Flumbort, Andras"]
[Black "Kociscak, Jiri"]
[Result "1/2-1/2"]
[WhiteElo "2470"]
[BlackElo "2434"]
[PlyCount "81"]
[EventDate "2013.10.04"]
[EventType "team"]
[EventRounds "11"]
[EventCountry "AUT"]
[WhiteTeam "ASK St. Valentin"]
[BlackTeam "SV Steyregg"]

1. d4 f5 2. c4 Nf6 3. g3 g6 4. Bg2 d6 5. Nf3 Bg7 6. O-O O-O 7. Nc3 c6 8. Rb1
Qe8 9. d5 Na6 10. dxc6 bxc6 11. b4 Bd7 12. b5 cxb5 13. cxb5 Nc7 14. a4 Ne4 15.
Nxe4 fxe4 16. Nd2 d5 17. Nb3 Bf5 18. Be3 e5 19. Rc1 Rf7 20. Rxc7 Rxc7 21. Qxd5+
Kh8 22. Nc5 Rd8 23. Qb3 Rd4 24. Na6 Rc8 25. a5 Be6 26. Qb2 Bc4 27. Bh3 Rcd8 28.
Nc7 Qe7 29. b6 axb6 30. axb6 Rb8 31. Rc1 Qf7 32. Qc2 Bb3 33. Qc6 Rc4 34. Rxc4
Qxc4 35. Qxc4 Bxc4 36. Kf1 Bf8 37. Bg2 Bb4 38. Bxe4 Ba5 39. Na8 Ba6 40. Nc7 Bb7
41. Bxb7 1/2-1/2

[Event "2. Bundesliga Mitte 2013/2014"]
[Site "Grieskirchen"]
[Date "2013.11.16"]
[Round "4"]
[Board "2"]
[White "Gergacz, Attila"]
[Black "Sandhoefner, Florian"]
[Result "1-0"]
[WhiteElo "2369"]
[BlackElo "2271"]
[PlyCount "127"]
[EventDate "2013.10.04"]
[EventType "team"]
[EventRounds "11"]
[EventCountry "AUT"]
[WhiteTeam "SV Steyregg"]
[BlackTeam "ASK St. Valentin"]

1. e4 c5 2. Nf3 d6 3. d4 cxd4 4. Qxd4 Nc6 5. Bb5 Bd7 6. Bxc6 Bxc6 7. c4 Nf6 8.
Nc3 g6 9. Be3 Bg7 10. O-O O-O 11. Qd3 Rc8 12. b4 b6 13. Nd5 e6 14. Nxf6+ Bxf6
15. Rac1 Qe7 16. Rfd1 Rfd8 17. Bd4 Bxd4 18. Nxd4 Ba8 19. Qe3 a6 20. Rd3 Qb7 21.
f3 d5 22. cxd5 Rxc1+ 23. Qxc1 exd5 24. e5 Qe7 25. f4 Qxb4 26. f5 Qc5 27. Qg5
Rc8 28. Rd1 Bc6 29. h4 Ba4 30. Rd2 Qc1+ 31. Kh2 Qc7 32. Nf3 Qd8 33. f6 Qf8 34.
h5 h6 35. Qg4 Rc4 36. Rd4 g5 37. Nxg5 hxg5 38. Qxg5+ Kh7 39. Rxd5 Rc8 40. Rd4
Bc2 41. Rg4 Qh6 42. Qg7+ Qxg7 43. Rxg7+ Kh6 44. Rxf7 Kxh5 45. Rg7 Bg6 46. e6
Re8 47. g4+ Kh6 48. g5+ Kh5 49. f7 Rf8 50. Kg3 Kxg5 51. Rg8 Kf6 52. Rxf8 Kxe6
53. Ra8 Bxf7 54. Rxa6 Kd7 55. Ra7+ Ke8 56. Kf4 b5 57. a3 Bc4 58. Ke5 Kd8 59.
Kd6 Ke8 60. Rc7 Bd3 61. Rc8+ Kf7 62. Rc3 Be2 63. Re3 Bc4 64. Kc5 1-0

[Event "2. Bundesliga Mitte 2013/2014"]
[Site "Grieskirchen"]
[Date "2013.11.16"]
[Round "4"]
[Board "3"]
[White "Kranzl, Peter"]
[Black "Burlacu, Bogdan"]
[Result "1/2-1/2"]
[WhiteElo "2225"]
[BlackElo "2342"]
[PlyCount "63"]
[EventDate "2013.10.04"]
[EventType "team"]
[EventRounds "11"]
[EventCountry "AUT"]
[WhiteTeam "ASK St. Valentin"]
[BlackTeam "SV Steyregg"]

1. e4 c5 2. c3 d5 3. exd5 Qxd5 4. d4 Nf6 5. Nf3 Bg4 6. Be2 cxd4 7. cxd4 e6 8.
h3 Bh5 9. Nc3 Bb4 10. O-O Qa5 11. Qb3 O-O 12. Rd1 Bxc3 13. bxc3 Qc7 14. c4 Nc6
15. Be3 Rfd8 16. Rac1 b6 17. Qa4 Ne7 18. Qb5 h6 19. g4 Bg6 20. Qe5 Qxe5 21.
Nxe5 Be4 22. f4 Rac8 23. a4 Nc6 24. Nxc6 Bxc6 25. Ra1 Ne4 26. Rdc1 g5 27. fxg5
Nxg5 28. Kh2 Nf3+ 29. Bxf3 Bxf3 30. a5 Be2 31. axb6 axb6 32. Rab1 1/2-1/2

[Event "2. Bundesliga Mitte 2013/2014"]
[Site "Grieskirchen"]
[Date "2013.11.16"]
[Round "4"]
[Board "4"]
[White "Enoeckl, Philipp"]
[Black "Theuretzbacher, Klaus"]
[Result "1/2-1/2"]
[WhiteElo "2339"]
[BlackElo "2265"]
[PlyCount "140"]
[EventDate "2013.10.04"]
[EventType "team"]
[EventRounds "11"]
[EventCountry "AUT"]
[WhiteTeam "SV Steyregg"]
[BlackTeam "ASK St. Valentin"]

1. d4 Nf6 2. Bg5 d6 3. Bxf6 exf6 4. g3 d5 5. Bg2 c6 6. e3 Bd6 7. Ne2 O-O 8. O-O
Bf5 9. b3 Qd7 10. c4 dxc4 11. bxc4 Re8 12. Qb3 Na6 13. Nd2 Rab8 14. Rfe1 h5 15.
a3 h4 16. Rad1 hxg3 17. hxg3 c5 18. d5 Nc7 19. Kh2 Qe7 20. a4 Na6 21. e4 Bg4
22. f3 Bd7 23. f4 Nb4 24. Rh1 g6 25. Kg1 Kg7 26. Kf2 Qd8 27. Bh3 Qc8 28. Bxd7
Qxd7 29. Rh2 Rh8 30. Rdh1 Rxh2+ 31. Rxh2 Re8 32. Ng1 a6 33. Ngf3 Qc7 34. Qc3 b5
35. axb5 axb5 36. cxb5 c4 37. Qxc4 Qxc4 38. Nxc4 Bc5+ 39. Kf1 Rxe4 40. Ncd2 Re7
41. Nb3 Bd6 42. Re2 Rb7 43. Nbd4 Nxd5 44. Rb2 Nc3 45. Rb3 Ne4 46. Kg2 Bc5 47.
Nc6 Nd6 48. Nfd4 f5 49. Kf3 Kf6 50. Ke2 Ne4 51. Re3 Rxb5 52. Nxb5 Bxe3 53. Kxe3
Nxg3 54. Ne5 Nh5 55. Nf3 Ke6 56. Ng5+ Ke7 57. Nd4 f6 58. Ngf3 g5 59. Nxf5+ Kf8
60. Nxg5 Nxf4 61. Nh7+ Kg8 62. Nxf6+ Kf7 63. Ng4 Ng6 64. Ke4 Ke6 65. Nge3 Ne7
66. Nd4+ Kd6 67. Nc4+ Kc5 68. Ne5 Nc8 69. Ne6+ Kd6 70. Nf8 Ne7 1/2-1/2

[Event "2. Bundesliga Mitte 2013/2014"]
[Site "Grieskirchen"]
[Date "2013.11.16"]
[Round "4"]
[Board "5"]
[White "Tober, Gerhard"]
[Black "Wiesinger, Robert"]
[Result "1/2-1/2"]
[WhiteElo "2284"]
[BlackElo "2252"]
[PlyCount "79"]
[EventDate "2013.10.04"]
[EventType "team"]
[EventRounds "11"]
[EventCountry "AUT"]
[WhiteTeam "ASK St. Valentin"]
[BlackTeam "SV Steyregg"]

1. e4 e5 2. Nf3 Nc6 3. Bc4 Bc5 4. O-O Nf6 5. d4 Bxd4 6. Nxd4 Nxd4 7. f4 d6 8.
fxe5 dxe5 9. Bg5 Qe7 10. Na3 Rg8 11. Kh1 Bd7 12. Qe1 Ne6 13. Bxe6 Qxe6 14. Qh4
Bc6 15. Rae1 O-O-O 16. Bxf6 gxf6 17. Rxf6 Qxa2 18. Qh3+ Kb8 19. Qc3 Rd4 20. Kg1
Rxe4 21. Rxe4 Bxe4 22. g3 Bc6 23. Nc4 Bd5 24. Nxe5 Be6 25. b3 Qa3 26. Nxf7 Bxf7
27. Rxf7 Qd6 28. Rf1 h5 29. Qf6 Qxf6 30. Rxf6 h4 31. Kg2 a5 32. Rf5 b6 33. Kf3
Rd8 34. Re5 Rf8+ 35. Kg2 hxg3 36. hxg3 Kb7 37. g4 Kc6 38. g5 b5 39. g6 Rg8 40.
Rg5 1/2-1/2

[Event "2. Bundesliga Mitte 2013/2014"]
[Site "Grieskirchen"]
[Date "2013.11.16"]
[Round "4"]
[Board "6"]
[White "Forstner, Joerg"]
[Black "Heimberger, Reinhard"]
[Result "0-1"]
[WhiteElo "2106"]
[BlackElo "2303"]
[PlyCount "82"]
[EventDate "2013.10.04"]
[EventType "team"]
[EventRounds "11"]
[EventCountry "AUT"]
[WhiteTeam "SV Steyregg"]
[BlackTeam "ASK St. Valentin"]

1. d4 d5 2. Nf3 c6 3. e3 Nf6 4. Bd3 g6 5. O-O Bg7 6. Nbd2 O-O 7. b3 c5 8. Ba3
cxd4 9. exd4 Nc6 10. Re1 Re8 11. Bb5 Nd7 12. c3 e5 13. dxe5 Ndxe5 14. Nxe5 Rxe5
15. Bxc6 bxc6 16. Rxe5 Bxe5 17. Nf3 Bxc3 18. Rc1 Qa5 19. Qc2 d4 20. Bd6 Bf5 21.
Qd1 d3 22. Bf4 d2 23. Rxc3 Qxc3 24. Bxd2 Rd8 25. Qe1 Qd3 26. h3 Be4 27. Bg5 Re8
28. Nd2 Re6 29. Qa1 Bd5 30. Bh6 f6 31. Nf1 g5 32. h4 Qe4 33. Ne3 Qxh4 34. Nf5
Qe4 35. Ne3 Kf7 36. Qc3 Kg6 37. Bf8 h5 38. Qa5 Re8 39. Bc5 Qb1+ 40. Kh2 Rxe3
41. Bxe3 Qe4 0-1

[Event "2. Bundesliga Mitte 2013/2014"]
[Site "Grieskirchen"]
[Date "2013.11.16"]
[Round "4"]
[Board "1"]
[White "Mayerhofer, Peter"]
[Black "Taggatz, Mario"]
[Result "1/2-1/2"]
[WhiteElo "2202"]
[BlackElo "2222"]
[PlyCount "53"]
[EventDate "2013.10.04"]
[EventType "team"]
[EventRounds "11"]
[EventCountry "AUT"]
[WhiteTeam "SPG Freistadt/Wartberg"]
[BlackTeam "Spg. Sauwald"]

1. e4 e6 2. d4 d5 3. Nc3 Nf6 4. Bg5 Be7 5. e5 Nfd7 6. h4 h6 7. Bxe7 Qxe7 8. Qg4
O-O 9. O-O-O c5 10. f4 cxd4 11. Nb5 Nc6 12. Nf3 f6 13. Nbxd4 fxe5 14. Qxe6+ Rf7
15. fxe5 Nxd4 16. Nxd4 Nb6 17. Qd6 Qxd6 18. exd6 Bg4 19. Re1 Rd8 20. Bd3 a6 21.
Re7 Rxd6 22. Rhe1 Rdf6 23. Re8+ Rf8 24. R8e7 R8f7 25. Re8+ Rf8 26. R8e7 R8f7
27. Re8+ 1/2-1/2

[Event "2. Bundesliga Mitte 2013/2014"]
[Site "Grieskirchen"]
[Date "2013.11.16"]
[Round "4"]
[Board "2"]
[White "Renner, Christoph"]
[Black "Traunwieser, Georg"]
[Result "1-0"]
[WhiteElo "2379"]
[BlackElo "2121"]
[PlyCount "67"]
[EventDate "2013.10.04"]
[EventType "team"]
[EventRounds "11"]
[EventCountry "AUT"]
[WhiteTeam "Spg. Sauwald"]
[BlackTeam "SPG Freistadt/Wartberg"]

1. d4 Nf6 2. Nf3 e6 3. Bf4 b6 4. e3 Bb7 5. Bd3 Be7 6. h3 O-O 7. O-O Ne4 8. a4
f5 9. a5 Kh8 10. a6 Bc6 11. c4 d6 12. Bh2 Bd7 13. b4 Be8 14. Ne1 Qc8 15. b5 Nd7
16. f3 Ng5 17. Nc3 Bf6 18. Nc2 Bg6 19. Qd2 e5 20. Nd5 Ne6 21. Nxf6 Rxf6 22. Qc3
e4 23. fxe4 fxe4 24. Be2 Qe8 25. Nb4 Rxf1+ 26. Rxf1 Nf6 27. c5 Qd7 28. cxd6
cxd6 29. Qc6 Rd8 30. Qxd7 Rxd7 31. Rc1 h6 32. Rc6 Nd8 33. Bg4 Re7 34. Nd5 1-0

[Event "2. Bundesliga Mitte 2013/2014"]
[Site "Grieskirchen"]
[Date "2013.11.16"]
[Round "4"]
[Board "3"]
[White "Ly, Daniel"]
[Black "Schmidt, Peter"]
[Result "0-1"]
[WhiteElo "2079"]
[BlackElo "2377"]
[PlyCount "54"]
[EventDate "2013.10.04"]
[EventType "team"]
[EventRounds "11"]
[EventCountry "AUT"]
[WhiteTeam "SPG Freistadt/Wartberg"]
[BlackTeam "Spg. Sauwald"]

1. c4 g6 2. Nf3 Bg7 3. d4 c5 4. Nc3 cxd4 5. Nxd4 Nc6 6. Nb3 a5 7. a4 Nf6 8. g3
O-O 9. Bg2 d6 10. c5 Be6 11. O-O d5 12. Nb5 Ne4 13. Rb1 f5 14. Be3 Bf7 15. f4
e5 16. fxe5 Nxe5 17. Bd4 h5 18. Bxe4 dxe4 19. Nc1 h4 20. gxh4 Qxh4 21. Qe1 Qh8
22. Qg3 Nf3+ 23. exf3 Bxd4+ 24. Nxd4 Qxd4+ 25. Qf2 e3 26. Qe2 Rad8 27. Re1 Qh4
 0-1

[Event "2. Bundesliga Mitte 2013/2014"]
[Site "Grieskirchen"]
[Date "2013.11.16"]
[Round "4"]
[Board "4"]
[White "Hiermann, Dietmar"]
[Black "Oberngruber, Thomas"]
[Result "1-0"]
[WhiteElo "2290"]
[BlackElo "2096"]
[PlyCount "117"]
[EventDate "2013.10.04"]
[EventType "team"]
[EventRounds "11"]
[EventCountry "AUT"]
[WhiteTeam "Spg. Sauwald"]
[BlackTeam "SPG Freistadt/Wartberg"]

1. e4 e5 2. Nf3 Nc6 3. Bc4 Bc5 4. c3 Qe7 5. O-O d6 6. h3 Bb6 7. d3 Nf6 8. Nbd2
h6 9. Bb3 g5 10. Nh2 g4 11. g3 gxh3 12. Nc4 Rg8 13. Nxb6 axb6 14. Bxh6 Ng4 15.
Bd2 Qf6 16. Qe2 Rg7 17. Kh1 Qg6 18. Rg1 f5 19. Nxg4 fxg4 20. Kh2 Bd7 21. f3
gxf3 22. Qxf3 Bg4 23. Qe3 Nd8 24. a3 Ne6 25. Raf1 Ke7 26. Rf2 Rf8 27. Rgf1
Rxf2+ 28. Rxf2 Rf7 29. Qe1 Rf3 30. Rxf3 Bxf3 31. Qf2 Qf6 32. Be3 Bg4 33. Qxf6+
Kxf6 34. d4 Ng5 35. Bxg5+ Kxg5 36. Bd5 c6 37. Bc4 Kf6 38. Bf1 Bf3 39. Bxh3 Bxe4
40. dxe5+ Kxe5 41. Kg1 c5 42. Kf2 b5 43. Bd7 Bd3 44. Ke3 Bc4 45. g4 d5 46. g5
d4+ 47. cxd4+ cxd4+ 48. Kd2 b4 49. axb4 Kf4 50. g6 Kg5 51. g7 Kf6 52. Bb5 Be6
53. Kd3 Kxg7 54. Kxd4 Kf6 55. Kc5 Ke5 56. Bf1 Bd5 57. Bh3 Bf3 58. Bc8 Bc6 59.
Kb6 1-0

[Event "2. Bundesliga Mitte 2013/2014"]
[Site "Grieskirchen"]
[Date "2013.11.16"]
[Round "4"]
[Board "5"]
[White "Ly, Dominik"]
[Black "Testor, Sebastian"]
[Result "0-1"]
[WhiteElo "1851"]
[BlackElo "2308"]
[PlyCount "46"]
[EventDate "2013.10.04"]
[EventType "team"]
[EventRounds "11"]
[EventCountry "AUT"]
[WhiteTeam "SPG Freistadt/Wartberg"]
[BlackTeam "Spg. Sauwald"]

1. e4 e6 2. d4 d5 3. Nc3 Nf6 4. Bg5 dxe4 5. Nxe4 Nbd7 6. Nf3 h6 7. Bxf6 Nxf6 8.
Bd3 Bd6 9. Nxd6+ cxd6 10. O-O O-O 11. c3 Bd7 12. Re1 Qb6 13. Qb3 Qc7 14. Nd2
Bc6 15. Ne4 Nd5 16. Bb1 Nf4 17. f3 f5 18. Ng3 Bd5 19. Qd1 Qc6 20. Bc2 Rf6 21.
Qd2 g5 22. b3 Bxf3 23. gxf3 Qxf3 0-1

[Event "2. Bundesliga Mitte 2013/2014"]
[Site "Grieskirchen"]
[Date "2013.11.16"]
[Round "4"]
[Board "6"]
[White "Lautner, Josef"]
[Black "Leisch, Lukas"]
[Result "1-0"]
[WhiteElo "2217"]
[BlackElo "1757"]
[PlyCount "59"]
[EventDate "2013.10.04"]
[EventType "team"]
[EventRounds "11"]
[EventCountry "AUT"]
[WhiteTeam "Spg. Sauwald"]
[BlackTeam "SPG Freistadt/Wartberg"]

1. d4 d5 2. Nf3 Nf6 3. c4 c6 4. cxd5 cxd5 5. Nc3 Bf5 6. Qb3 Bc8 7. Bf4 a6 8. e3
e6 9. Bd3 Nbd7 10. O-O Qb6 11. Qc2 Be7 12. Rfc1 O-O 13. Rab1 Qa7 14. b4 b6 15.
Ne5 Nb8 16. Na4 Bd7 17. Qb3 Bd8 18. h3 h6 19. Rc2 Be8 20. Rbc1 Bd7 21. f3 Re8
22. Rc3 Rf8 23. Bb1 Re8 24. Nb2 Bb5 25. a4 Bd7 26. Nbd3 a5 27. b5 Re7 28. Nf2
Be8 29. Qc2 Bd7 30. Nfg4 1-0

[Event "2. Bundesliga Mitte 2013/2014"]
[Site "Gleisdorf"]
[Date "2013.11.16"]
[Round "4"]
[Board "1"]
[White "Freitag, Manfred"]
[Black "Horvath, Adam"]
[Result "1/2-1/2"]
[WhiteElo "2382"]
[BlackElo "2528"]
[PlyCount "97"]
[EventDate "2013.10.04"]
[EventType "team"]
[EventRounds "11"]
[EventCountry "AUT"]
[WhiteTeam "ESV Austria Graz"]
[BlackTeam "RbEJ Gleisdorf"]

{596MB, Fritz12.ctg, amtmannfranz-PC} 1. d4 Nf6 2. c4 e6 3. Nc3 Bb4 4. Qc2 c5
5. dxc5 Bxc5 6. Nf3 Qb6 7. e3 Qc7 8. Bd3 a6 9. a3 b6 10. b3 Be7 11. Bb2 {
[%emt 0:00:00]} d6 12. O-O Nbd7 13. Ne4 Bb7 14. Rfd1 Rc8 15. Rac1 Qb8 16. Nxf6+
gxf6 17. Nd4 Qa8 18. f3 Rg8 19. Bxh7 Rg7 20. Kf2 Ne5 21. Bd3 d5 22. Be2 dxc4
23. bxc4 Bc5 24. Rg1 Qb8 25. f4 Ng4+ 26. Bxg4 Rxg4 27. g3 f5 28. Qe2 Ke7 29.
Nf3 f6 30. h3 Rg7 31. Rcd1 Rh8 32. h4 Bc6 33. Qd2 Rgg8 34. Bd4 Rd8 35. Qc3 Rhf8
36. g4 Bxf3 37. Kxf3 Qb7+ 38. Kf2 Bxd4 39. Rxd4 Rxd4 40. exd4 Qc7 41. Qd2 fxg4
42. Rxg4 Kf7 43. Rg3 Rd8 44. Rc3 Rh8 45. d5 Qc5+ 46. Qe3 Qxe3+ 47. Rxe3 exd5
48. cxd5 Rxh4 49. Kg3 1/2-1/2

[Event "2. Bundesliga Mitte 2013/2014"]
[Site "Gleisdorf"]
[Date "2013.11.16"]
[Round "4"]
[Board "2"]
[White "Huber, Martin Christian"]
[Black "Karner, Christoph"]
[Result "1/2-1/2"]
[WhiteElo "2283"]
[BlackElo "2343"]
[PlyCount "44"]
[EventDate "2013.10.04"]
[EventType "team"]
[EventRounds "11"]
[EventCountry "AUT"]
[WhiteTeam "RbEJ Gleisdorf"]
[BlackTeam "ESV Austria Graz"]

1. Nf3 Nf6 2. c4 e6 3. g3 d5 4. Bg2 dxc4 5. Qa4+ c6 6. Qxc4 b5 7. Qb3 Bb7 8.
O-O Nbd7 9. d4 a6 10. Ne5 Qb6 11. Nxd7 Nxd7 12. Nc3 Qxd4 13. Be3 Qb4 14. Qc2
Be7 15. Rfd1 Qa5 16. Ne4 Qc7 17. Rd2 O-O 18. Rad1 Rad8 19. Bg5 Bxg5 20. Nxg5
Ne5 21. Rxd8 Rxd8 22. Rxd8+ Qxd8 {Rest unleserlich!} 1/2-1/2

[Event "2. Bundesliga Mitte 2013/2014"]
[Site "Gleisdorf"]
[Date "2013.11.16"]
[Round "4"]
[Board "3"]
[White "Kotz, Heinz Peter"]
[Black "Frosch, Erich"]
[Result "1-0"]
[WhiteElo "2339"]
[BlackElo "2229"]
[PlyCount "97"]
[EventDate "2013.10.04"]
[EventType "team"]
[EventRounds "11"]
[EventCountry "AUT"]
[WhiteTeam "ESV Austria Graz"]
[BlackTeam "RbEJ Gleisdorf"]

1. e4 e5 2. Nf3 Nc6 3. Bb5 a6 4. Ba4 Nf6 5. O-O b5 6. Bb3 Be7 7. d4 d6 8. c3
O-O 9. h3 h6 10. Re1 Bb7 11. Nbd2 Re8 12. Nf1 Bf8 13. Ng3 Na5 14. Bc2 c5 15. d5
Nc4 16. Nh2 Bc8 17. b3 Nb6 18. f4 exf4 19. Bxf4 Nbd7 20. Nf3 Ne5 21. Nxe5 dxe5
22. Be3 Nh7 23. Rf1 Qc7 24. Qd2 a5 25. Bd1 Ra6 26. Bh5 Nf6 27. Be2 c4 28. Kh2
Bd7 29. bxc4 bxc4 30. Rab1 Rc8 31. Qb2 Bc5 32. Bxc5 Qxc5 33. Qb7 Rd6 34. Rxf6
gxf6 35. Bg4 Qc7 36. Qxc7 Rxc7 37. Rb8+ Kh7 38. Rd8 Rb7 39. Bf5+ Bxf5 40. Rxd6
Bg6 41. Rc6 Rb2 42. a4 h5 43. h4 Rf2 44. Rxc4 Rf4 45. d6 Rxh4+ 46. Kg1 Rg4 47.
d7 h4 48. d8=Q hxg3 49. Qxf6 1-0

[Event "2. Bundesliga Mitte 2013/2014"]
[Site "Gleisdorf"]
[Date "2013.11.16"]
[Round "4"]
[Board "1"]
[White "Kovacs, Gabor"]
[Black "Poetz, Florian"]
[Result "1/2-1/2"]
[WhiteElo "2458"]
[BlackElo "2431"]
[PlyCount "61"]
[EventDate "2013.10.04"]
[EventType "team"]
[EventRounds "11"]
[EventCountry "AUT"]
[WhiteTeam "Union Styria Graz"]
[BlackTeam "SK Sparkasse Fuerstenfeld"]

1. Nf3 c5 2. b3 b6 3. Bb2 Bb7 4. e3 e6 5. d4 Nf6 6. Bd3 Be7 7. O-O O-O 8. Nbd2
cxd4 9. exd4 d6 10. Re1 Nbd7 11. c4 Re8 12. Rc1 Bf8 13. Bf1 a6 14. a3 Rc8 15.
b4 Rc7 16. Qb3 Qa8 17. h3 h6 18. Qd3 Rcc8 19. Qb1 Qb8 20. Re3 Nh5 21. Rce1 Nf4
22. Qd1 g6 23. Nh4 Bg7 24. Qb1 Nf8 25. Nhf3 Nd7 26. Nb3 Qa8 27. Qd1 Bc6 28. Bc1
Bb7 29. Bb2 Bc6 30. Bc1 Bb7 31. Bb2 1/2-1/2

[Event "2. Bundesliga Mitte 2013/2014"]
[Site "Gleisdorf"]
[Date "2013.11.16"]
[Round "4"]
[Board "3"]
[White "Wertjanz, David"]
[Black "Radnetter, Georg"]
[Result "1-0"]
[WhiteElo "2281"]
[BlackElo "2257"]
[PlyCount "89"]
[EventDate "2013.10.04"]
[EventType "team"]
[EventRounds "11"]
[EventCountry "AUT"]
[WhiteTeam "Union Styria Graz"]
[BlackTeam "SK Sparkasse Fuerstenfeld"]

1. e4 e6 2. d4 d5 3. Nd2 c5 4. Ngf3 cxd4 5. exd5 Qxd5 6. Bc4 Qd6 7. O-O Nf6 8.
Qe2 Nc6 9. Rd1 Qc7 10. Bb5 Bd7 11. Nc4 Be7 12. Bxc6 bxc6 13. Nfe5 Nd5 14. Nxd7
Qxd7 15. Rxd4 Bf6 16. Rd1 O-O 17. Ne5 Bxe5 18. Qxe5 Qe7 19. c4 Nb6 20. b3 Rad8
21. Be3 Qf6 22. Qxf6 gxf6 23. a4 Nc8 24. Bc5 Rfe8 25. Kf1 a6 26. b4 f5 27. b5
Rxd1+ 28. Rxd1 cxb5 29. cxb5 axb5 30. axb5 Ne7 31. Rd7 Rb8 32. Rxe7 Rxb5 33.
Re8+ Kg7 34. Bd4+ Kh6 35. f4 Rb4 36. Be5 Kh5 37. Rf8 Rb7 38. Rg8 Kh6 39. Rg3
Rb4 40. Rh3+ Kg6 41. Rg3+ Kh6 42. Bg7+ Kh5 43. Rg5+ Kh4 44. g3+ Kh3 45. Kf2 1-0

[Event "2. Bundesliga Mitte 2013/2014"]
[Site "Gleisdorf"]
[Date "2013.11.16"]
[Round "4"]
[Board "4"]
[White "Postl, Anton"]
[Black "Manhardt, Thomas"]
[Result "1/2-1/2"]
[WhiteElo "2274"]
[BlackElo "2226"]
[PlyCount "58"]
[EventDate "2013.10.04"]
[EventType "team"]
[EventRounds "11"]
[EventCountry "AUT"]
[WhiteTeam "SK Sparkasse Fuerstenfeld"]
[BlackTeam "Union Styria Graz"]

1. Nf3 f5 2. c4 Nf6 3. g3 g6 4. Bg2 Bg7 5. O-O d6 6. Nc3 O-O 7. d4 Nc6 8. d5
Na5 9. Qd3 e5 10. dxe6 Bxe6 11. b3 Nc6 12. Bb2 Ne4 13. Qc2 Qf6 14. Na4 Qe7 15.
Rad1 Rae8 16. a3 Bd7 17. e3 Ne5 18. Nxe5 Bxe5 19. Bxe5 Qxe5 20. Nb2 Bc6 21. Nd3
Qc3 22. Rc1 Qxc2 23. Rxc2 a5 24. Nf4 Rf7 25. h4 Kg7 26. Nd5 Re5 27. Nf4 Re8 28.
Nd5 Re5 29. Nf4 Re8 1/2-1/2

[Event "2. Bundesliga Mitte 2013/2014"]
[Site "Gleisdorf"]
[Date "2013.11.16"]
[Round "4"]
[Board "5"]
[White "Pirker, Christian"]
[Black "Hatzl, Johannes"]
[Result "1-0"]
[WhiteElo "2197"]
[BlackElo "2129"]
[PlyCount "79"]
[EventDate "2013.10.04"]
[EventType "team"]
[EventRounds "11"]
[EventCountry "AUT"]
[WhiteTeam "Union Styria Graz"]
[BlackTeam "SK Sparkasse Fuerstenfeld"]

1. e4 c5 2. Nf3 Nc6 3. d4 cxd4 4. Nxd4 e5 5. Nb5 d6 6. N1c3 a6 7. Na3 b5 8. Nd5
Nf6 9. Bg5 Qa5+ 10. Bd2 Qd8 11. Bg5 Qa5+ 12. Bd2 Qd8 13. c4 Nxe4 14. cxb5 Be6
15. Nc3 Nxd2 16. Qxd2 axb5 17. Bxb5 Bd7 18. Nc4 Nd4 19. Bxd7+ Kxd7 20. O-O Rc8
21. Qd3 Qc7 22. Nd5 Qb7 23. Ndb6+ Ke6 24. Nxc8 Qxc8 25. Rfe1 Qc5 26. Rac1 Qa7
27. b4 Be7 28. b5 Nxb5 29. Nxe5 dxe5 30. Qxb5 f6 31. Qc4+ Kf5 32. Qe4+ Ke6 33.
Rc6+ Kf7 34. Qc4+ Kg6 35. Re3 h5 36. Rg3+ Kh6 37. Qf7 g5 38. Rxf6+ Bxf6 39.
Qxa7 Rc8 40. h4 1-0

[Event "2. Bundesliga Mitte 2013/2014"]
[Site "Gleisdorf"]
[Date "2013.11.16"]
[Round "4"]
[Board "2"]
[White "Jeric, Simon"]
[Black "Krebs, Johann"]
[Result "0-1"]
[WhiteElo "2268"]
[BlackElo "2250"]
[PlyCount "64"]
[EventDate "2013.10.04"]
[EventType "team"]
[EventRounds "11"]
[EventCountry "AUT"]
[WhiteTeam "SV Raika Rapid Feffernitz II"]
[BlackTeam "Strassenbahn Graz"]

1. e4 c5 2. c3 d5 3. exd5 Qxd5 4. d4 Nf6 5. Nf3 Nc6 6. Be2 Bf5 7. c4 Qd6 8. d5
Nb4 9. Na3 a6 10. O-O e6 11. Nh4 Be4 12. f3 Bg6 13. dxe6 fxe6 14. Nxg6 hxg6 15.
f4 g5 16. Qa4+ Kf7 17. Nb5 Qb8 18. Nc3 Bd6 19. g3 Rh3 20. fxg5 Bxg3 21. Qd7+
Kg6 22. Qxe6 Bxh2+ 23. Kh1 Qg3 24. Rxf6+ gxf6 25. Qxf6+ Kh7 26. g6+ Qxg6 27.
Qxg6+ Kxg6 28. Kg2 Rah8 29. Ne4 Be5 30. Bg4 Rh2+ 31. Kg1 Bd4+ 32. Kf1 Rf8+ 0-1